ফ্লুয়িড বলবিদ্যা / (Record no. 2041)

MARC details
000 -LEADER
fixed length control field 00964nam a22002417a 4500
001 - CONTROL NUMBER
control field BD-DhSAU 2041
003 - CONTROL NUMBER IDENTIFIER
control field BD-DhSAU
005 - DATE AND TIME OF LATEST TRANSACTION
control field 20150126102631.0
008 - FIXED-LENGTH DATA ELEMENTS--GENERAL INFORMATION
fixed length control field 150126b1989 a||||r|||| 000 0 d
040 ## - CATALOGING SOURCE
Original cataloging agency BD-DhSAU
082 ## - DEWEY DECIMAL CLASSIFICATION NUMBER
Edition number 22
Classification number ৫৩২
Item number ইসফ্লু
100 ## - MAIN ENTRY--PERSONAL NAME
Personal name ইসলাম, মোঃ কামরুল
245 ## - TITLE STATEMENT
Title ফ্লুয়িড বলবিদ্যা /
Statement of responsibility, etc. মোঃ কামরুল ইসলাম এবং ওবায়দুল ইসলাম
250 ## - EDITION STATEMENT
Edition statement ১ম সংস্করণ।
260 ## - PUBLICATION, DISTRIBUTION, ETC. (IMPRINT)
Place of publication, distribution, etc. ঢাকা :
Name of publisher, distributor, etc. বাংলা একাডেমী ,
Date of publication, distribution, etc. ১৯৮৯.
300 ## - PHYSICAL DESCRIPTION
Extent xi, ৩৯৬ পৃ. :
Other physical details চিত্র ;
Dimensions ২২ সেমি।
590 ## - Name of Cataloguer
Name of Cataloger joy
650 ## - SUBJECT ADDED ENTRY--TOPICAL TERM
Topical term or geographic name as entry element কৃষি প্রকৌশল।
650 ## - SUBJECT ADDED ENTRY--TOPICAL TERM
Topical term or geographic name as entry element Agricultural Engineering.
650 ## - SUBJECT ADDED ENTRY--TOPICAL TERM
Topical term or geographic name as entry element ফ্লুয়িড।
650 ## - SUBJECT ADDED ENTRY--TOPICAL TERM
Topical term or geographic name as entry element বলবিদ্যা।
700 ## - ADDED ENTRY--PERSONAL NAME
Personal name ইসলাম, ওবায়দুল
942 ## - ADDED ENTRY ELEMENTS (KOHA)
Source of classification or shelving scheme Dewey Decimal Classification
Koha item type Book
Holdings
Withdrawn status Lost status Source of classification or shelving scheme Damaged status Not for loan Home library Branch Name Shelving location Date acquired Total Checkouts Full call number Barcode Date last seen Price effective from Koha item type
    Dewey Decimal Classification     SAU Library SAU Library General Stacks 23/06/1992   ৫৩২ ইসফ্লু 19277 26/01/2015 26/01/2015 Book